Cinco niñas y un anciano

Salvato in:
Dettagli Bibliografici
Autori principali: León, Diger (Autore), Modinger Mancilla, José Luis (Autore)
Natura: Libro
Lingua:spagnolo
Pubblicazione: Santiago Rumbos 1981
Soggetti:
Tags: Aggiungi Tag
Nessun Tag, puoi essere il primo ad aggiungerne!!

MARC

LEADER 00000nam a2200000 a 4500
001 UCX5745
003 CL-VaPUC
008 930114e19810000CL |||||||||||||||||spa|d
082 0 4 |a Ch863  |b LEO  |2 21 
100 0 |a León, Diger  |e author  |9 322115 
700 0 |a Modinger Mancilla, José Luis  |e author  |9 322116 
245 1 0 |a Cinco niñas y un anciano 
300 |a 77 p 
942 |c BK 
945 |d 19930114 00:00:00 
260 |a Santiago  |b Rumbos  |c 1981 
650 0 |a Cuentos chilenos   |9 308280 
583 |a last modification  |c 19930114 00:00:00  |k Rodrigo Vera 
999 |c 225937  |d 225935 
952 |0 0  |1 0  |4 0  |6 CH_863_000000000000000_LEO_1981  |7 0  |8 A  |9 223907  |a BIBEDU  |b BIBEDU  |d 2019-11-15  |i 2927020  |o Ch863 LEO 1981  |p 2927020  |r 2019-11-15  |w 2019-11-15  |y BK  |k LIT 
952 |0 0  |1 0  |4 0  |6 CH_863_000000000000000_LEO_1981  |7 0  |8 A  |9 223908  |a BIBEDU  |b BIBEDU  |d 2019-11-15  |i 1450948  |o Ch863 LEO 1981  |p 1450948  |r 2019-11-15  |w 2019-11-15  |y BK  |k LIT